| 000 | 00543cam a22002171 4500 | ||
|---|---|---|---|
| 001 | sa 63003957 | ||
| 003 | DLC | ||
| 005 | 20260227111945.0 | ||
| 008 | 900501s1961 ii 000 0 kano | ||
| 010 | _asa 63003957 | ||
| 035 | _a(OCoLC)21464862 | ||
| 040 |
_aDLC _cWaU _dDLC |
||
| 042 | _apremarc | ||
| 050 | 0 | 0 |
_aPK3644 _b.D4 |
| 100 | 1 | _aDēśapāṇḍe, Raṅgarāva Svāmirāva. | |
| 245 | 0 | 0 | _aBhīṣma darśana. |
| 260 | _c[1961] | ||
| 300 |
_a228 p. _c19 cm. |
||
| 500 | _aIn Kannada. | ||
| 650 | 0 | _aBhīṣma (Hindu mythology) | |
| 999 |
_c55387 _d55387 |
||